000 00315 a2200157 4500
001 193083
020 _a978-85-7530-400-6
040 _cMagnum
100 _aTrindade, Kátia
240 1 0 _aJustiça
_lpor
245 1 0 _aJustiça
300 _a8
362 0 _a2015
697 _aLITERATURA INFANTIL
942 _cBK
999 _c193083
_d193083